000 03187nam a22003977a 4500
005 20100821114418.0
010 _aENG-101234 B-431023-034
020 _a9788175347885
_c325.00
035 _aEN-84767 B-431023-034
037 _bDBAD/PUB
037 _bAllied Pub/Ven
082 _a343.047
100 _aSatija, Kalpana
_928511
245 _aTextbook on economics for law students /
_cby Kalpana Satija
260 _aDelhi
_bUniversal Law Publishing
_c2009
270 _aC-FF-1A, Dilkhush Industrial Estate (Opp. Hans Cinema, Azadpur) G. T. Karnal Road
_bDelhi
_e110033
300 _alviii,710p.:
_bill.
_c24cm (pbk)
500 _aincludes index
650 _aEconomic Law
_928512
650 _aLaw- Economics Assitance
_928513
942 _2ddc
_cEN
_h343.047
_mSAT
999 _c42833
_d42833